The Knights of the round table - Statistics

General Stats
  • This quiz has been taken 446 times
  • The average score is 6 of 24
Answer Stats
Answer % Correct
Sir Lancelot du Lac
97%
Sir Galahad
74%
Sir Gawain
73%
Sir Bors de Ganis
39%
Sir Kay
39%
Sir Mordred
39%
Sir Bedivere
33%
Sir Gareth
27%
Sir Ector de Maris
24%
Sir Tristram de Lyones
21%
Sir Percivale
16%
Sir Dagonet
13%
Sir Lamorak
13%
Sir Bleoberis
9%
Sir Brunor le Noir
9%
Sir Lucan
9%
Sir Palomedes
9%
Sir Lionell
8%
Sir Alymere
7%
Sir La Cote Male Taile
7%
Sir Pelleas
7%
Sir Safer
7%
Sir Degore
5%
Sir Le Bel Desconneu
4%
No matching quizzes found
Score Distribution
Percent of People with Each Score
Percentile by Number Answered
Your Score History
You have not taken this quiz